|
|
|
|
| LEADER |
00000nam2a2200000 4500 |
| 001 |
224228 |
| 005 |
20260422155625.0 |
| 035 |
|
|
|a (RuTPU)RU\TPU\book\244520
|
| 035 |
|
|
|a RU\TPU\book\244507
|
| 090 |
|
|
|a 224228
|
| 100 |
|
|
|a 20121022d1981 m y0rusy50 ca
|
| 101 |
0 |
|
|a rus
|
| 102 |
|
|
|a RU
|
| 105 |
|
|
|a y z 001zy
|
| 200 |
0 |
|
|a Т. 4. К ленинским годовщинам
|e [1920-1980]
|f сост. и предисл. Г. Ф. Станковской
|
| 210 |
|
|
|d 1981
|
| 215 |
|
|
|a 149 с.
|d 10 см.
|
| 320 |
|
|
|a Примечания: с. 147-149.
|
| 330 |
|
|
|a Документы и хроника, включенные в книгу, рассказывают о праздновании ленинских годовщин в Прикамье.
|
| 461 |
|
1 |
|0 (RuTPU)RU\TPU\book\244492
|t Пермская Лениниана
|o библиотечка в шести томах
|f под ред. Б. Грина
|v Т. 4. К ленинским годовщинам
|e [3-е изд.]
|d 1981
|
| 606 |
|
|
|a Ленин В. И.
|x Годовщины рождения и смерти
|9 87708
|
| 610 |
1 |
|
|a лениниана
|
| 610 |
1 |
|
|a документы
|
| 610 |
1 |
|
|a хроника
|
| 610 |
1 |
|
|a юбилеи
|
| 610 |
1 |
|
|a Прикамье
|
| 610 |
1 |
|
|a миниатюрные издания
|
| 686 |
|
|
|a Т3(2)6-8Ленин358
|2 rubbk
|
| 702 |
|
1 |
|a Станковская
|b Г. Ф.
|4 220
|4 080
|
| 801 |
|
1 |
|a RU
|b 63413507
|c 20121022
|
| 801 |
|
2 |
|a RU
|b 63413507
|c 20121022
|g RCR
|
| 942 |
|
|
|c BK
|